[Event "Portugal Open 2017"]
[Site "masterchessopen.com Lisbon POR"]
[Date "2017.02.05"]
[Round "3.11"]
[White "Strugnell,C"]
[Black "Harutyunian,T"]
[Result "0-1"]
[WhiteElo "2255"]
[BlackElo "2515"]

1. e4 e5 2. Nf3 Nc6 3. Bb5 a6 4. Ba4 Nf6 5. O-O Be7 6. Re1 b5 7. Bb3 O-O 8. a4
b4 9. d4 d6 10. dxe5 dxe5 11. Nbd2 Bc5 12. a5 h6 13. h3 Qd6 14. Qe2 Be6 15.
Bxe6 Qxe6 16. Nb3 Nd4 17. Nfxd4 Bxd4 18. Nxd4 exd4 19. e5 Nd7 20. Bd2 Rab8 21.
Qe4 c5 22. f4 f5 23. exf6 Qxe4 24. Rxe4 Nxf6 25. Re6 c4 26. Rae1 c3 27. Bc1
Rfd8 28. bxc3 bxc3 29. Kf2 Nd5 30. Ba3 d3 31. Kf3 d2 32. Rd1 Re8 33. Re5 Nxf4
34. Bd6 Nd3 35. Re2 Rxe2 36. Kxe2 Nc1+ 37. Ke3 Re8+ 38. Kf2 Nd3+ {#R} 0-1

[Event "ch-MDA 2017"]
[Site "masterchessopen.com Chisinau MDA"]
[Date "2017.02.03"]
[Round "7.4"]
[White "Vavric,P"]
[Black "Macovei,Andrei"]
[Result "1-0"]
[WhiteElo "2334"]
[BlackElo "2373"]

1. e4 e5 2. Nf3 Nc6 3. Bb5 a6 4. Ba4 Nf6 5. O-O Be7 6. Re1 b5 7. Bb3 O-O 8. a4
b4 9. d3 d6 10. Nbd2 Na5 11. Ba2 c5 12. Nc4 Nxc4 13. Bxc4 h6 14. c3 a5 15. d4
cxd4 16. cxd4 Bb7 17. dxe5 dxe5 18. Qxd8 Raxd8 19. Nxe5 Nxe4 20. Be3 Bf6 21.
f4 g5 22. Rad1 gxf4 23. Bxf4 Nd6 24. Bb3 Bg5 25. Bxg5 hxg5 26. Ng6 Rfe8 27.
Rxd6 Kg7 28. Rxe8 Rxe8 29. Rd7 Bc8 30. Re7 Rd8 31. Ne5 Kf6 32. Nc6 Rd3 33.
Rxf7+ Kg6 34. Ne5+ {#r} 1-0

[Event "Gibraltar Masters 2017"]
[Site "masterchessopen.com Caleta ENG"]
[Date "2017.01.31"]
[Round "8.34"]
[White "Ganguly,S"]
[Black "Batchimeg,Tuvshintugs"]
[Result "1-0"]
[WhiteElo "2657"]
[BlackElo "2390"]

1. e4 e5 2. Nf3 Nc6 3. Bb5 a6 4. Ba4 Nf6 5. O-O Be7 6. Re1 b5 7. Bb3 O-O 8. c3
d5 9. exd5 Nxd5 10. Nxe5 Nxe5 11. Rxe5 c6 12. d3 Bd6 13. Re1 Bf5 14. Qf3 Qf6
15. Bxd5 cxd5 16. Bf4 Bxf4 17. Qxf4 d4 18. cxd4 Rad8 19. Re5 Bxd3 20. Qe3 Qd6
21. d5 Bc4 22. Nc3 b4 23. b3 Bd3 24. Rd1 Bc2 25. Rc1 Bg6 26. Ne2 f6 27. Re7
Qxd5 28. h4 Bf7 29. Rcc7 Qd1+ 30. Kh2 Qd6+ 31. Qf4 Qxf4+ 32. Nxf4 Rd6 33. h5
f5 34. Kg3 g5 35. hxg6 hxg6 36. Nh3 Re6 37. Red7 Rf6 38. Ng5 Kg7 39. Kf4 Kg8
40. Re7 a5 {#r} 1-0

[Event "13th Moscow Open B w 2017"]
[Site "masterchessopen.com Moscow RUS"]
[Date "2017.02.01"]
[Round "5.2"]
[White "Babiy,Olga"]
[Black "Kovanova,B"]
[Result "1-0"]
[WhiteElo "2315"]
[BlackElo "2376"]

1. e4 e5 2. Nf3 Nc6 3. Bb5 a6 4. Ba4 Nf6 5. O-O Be7 6. Re1 b5 7. Bb3 d6 8. c3
O-O 9. h3 Bb7 10. d4 Nd7 11. Nbd2 exd4 12. cxd4 Bf6 13. Nf1 Na5 14. Bc2 Re8
15. Bf4 g6 16. N1h2 Bg7 17. Ng4 Qe7 18. Bg5 Qf8 19. Rc1 h6 20. Bf4 h5 21. Ngh2
Nf6 22. Ng5 Rad8 23. b3 c5 24. d5 Bc8 25. Bd3 Bd7 26. Bd2 Nb7 27. f4 Re7 28.
Bc3 Rde8 29. Nhf3 b4 30. Ba1 Bb5 31. e5 Nh7 32. Nxh7 Kxh7 33. Ng5+ Kg8 34. e6
f5 35. g4 Bxa1 36. Rxa1 fxg4 37. Bxg6 Qxf4 38. Bxe8 Qxg5 39. Bf7+ Kg7 40. hxg4
Qf4 41. Qc2 Qd4+ 42. Kh2 Qf4+ 43. Kh1 Qf3+ 44. Qg2 hxg4 45. Re4 Qxg2+ 46. Kxg2
Kf6 47. Rae1 Na5 48. Rf4+ Kg5 49. Kg3 c4 50. Rh1 {#r} 1-0

[Event "Portugal Open 2017"]
[Site "masterchessopen.com Lisbon POR"]
[Date "2017.02.04"]
[Round "2.6"]
[White "Can,Isik"]
[Black "Kovalev,Vl"]
[Result "0-1"]
[WhiteElo "2173"]
[BlackElo "2598"]

1. e4 e5 2. Nf3 Nc6 3. Bb5 a6 4. Ba4 Nf6 5. O-O Be7 6. Re1 b5 7. Bb3 d6 8. c3
O-O 9. h3 Bb7 10. d4 Nd7 11. Nbd2 exd4 12. cxd4 Na5 13. Bc2 Re8 14. Nf1 Bf6
15. Ng3 g6 16. b3 c5 17. Bb2 Nc6 18. Qd2 Rc8 19. Rac1 Nxd4 20. Nxd4 cxd4 21.
Bxd4 Bxd4 22. Qxd4 Qg5 23. Qxd6 Ne5 24. Qa3 h5 25. Kh1 Qf4 26. Kg1 Qg5 27. Kh1
Rc3 28. Bb1 Nc4 {#R} 0-1

[Event "PRO League Central 2017"]
[Site "masterchessopen.com chess.com INT"]
[Date "2017.02.01"]
[Round "4"]
[White "Cooper,L"]
[Black "Juhasz,Ba"]
[Result "0-1"]
[WhiteElo "2355"]
[BlackElo "2179"]

1. e4 e5 2. Nf3 Nc6 3. Bb5 a6 4. Ba4 Nf6 5. O-O Be7 6. Re1 b5 7. Bb3 d6 8. c3
O-O 9. h3 a5 10. a4 b4 11. d4 bxc3 12. bxc3 exd4 13. cxd4 d5 14. exd5 Nxd5 15.
Ne5 Ncb4 16. Qf3 Be6 17. Qg3 Bh4 18. Qf3 Rb8 19. Ba3 Qf6 20. Nd2 Bg5 21. Ne4
Qxf3 22. Nxf3 Be7 23. Nc5 Bxc5 24. dxc5 Nd3 25. Reb1 Nc3 26. Bc2 Nxb1 27. Bxb1
Nb4 28. Nd4 Bd5 29. Bf5 Rfd8 30. Nb5 g6 31. Bxb4 axb4 32. Bg4 c6 33. Nd6 b3
34. Bf3 b2 35. Rb1 Ba2 36. Be4 Bxb1 37. Bxb1 Ra8 38. Bc2 Rdb8 {#R} 0-1

[Event "PRO League Pacific 2017"]
[Site "masterchessopen.com chess.com INT"]
[Date "2017.02.01"]
[Round "4"]
[White "Xiong,Jeffery"]
[Black "Tang,Andrew"]
[Result "1-0"]
[WhiteElo "2667"]
[BlackElo "2466"]

1. e4 e5 2. Nf3 Nc6 3. Bb5 a6 4. Ba4 Nf6 5. O-O Be7 6. Re1 b5 7. Bb3 d6 8. c3
O-O 9. h3 Bb7 10. d4 Re8 11. Nbd2 Bf8 12. Ng5 Re7 13. d5 Nb8 14. Nf1 Nbd7 15.
Ng3 g6 16. h4 Bg7 17. h5 Nc5 18. Bc2 c6 19. b4 Na4 20. dxc6 Bxc6 21. Bb3 d5
22. Qf3 h6 23. hxg6 fxg6 24. exd5 Nxd5 25. N5e4 Rf7 26. Qg4 Kh7 27. Bc2 Bd7
28. Qe2 Ndxc3 29. Nxc3 Nxc3 30. Bxg6+ Kxg6 31. Qh5+ Kh7 32. Qxf7 Be8 33. Qb3
Rc8 34. Bb2 e4 35. Rac1 Qd4 36. Nf5 {#r} 1-0

[Event "Gibraltar Masters 2017"]
[Site "masterchessopen.com Caleta ENG"]
[Date "2017.02.01"]
[Round "9.65"]
[White "Milliet,S"]
[Black "Pratyusha,B"]
[Result "0-1"]
[WhiteElo "2387"]
[BlackElo "2247"]

1. e4 e5 2. Nf3 Nc6 3. Bb5 a6 4. Ba4 Nf6 5. O-O Be7 6. Re1 b5 7. Bb3 d6 8. c3
O-O 9. h3 Nb8 10. d4 Nbd7 11. c4 Bb7 12. Nc3 c6 13. a3 Re8 14. Ba2 Bf8 15.
cxb5 axb5 16. Ng5 Re7 17. d5 h6 18. dxc6 Bxc6 19. Qxd6 Ra6 20. Nf3 Qa8 21. Qd1
Nb6 22. Nh4 Nxe4 23. Nxe4 Bxe4 24. Qg4 Bd5 25. Nf5 Re6 26. Nxh6+ Rxh6 27. Bxh6
Nc4 28. Bg5 Rg6 29. Bb1 e4 30. Qh5 Ne5 31. Rd1 b4 32. a4 b3 33. a5 Bc5 34. Ra4
e3 35. Rh4 exf2+ 36. Kh2 f5 37. Bxf5 Qc6 38. Bxg6 Nxg6 39. Rg4 Bd6+ 40. Kh1
Qb5 41. Rg1 fxg1=Q+ 42. Kxg1 Qc5+ 43. Kh1 Qc2 44. Be3 Qd1+ 45. Bg1 Bxg2+ 46.
Kxg2 Nf4+ 47. Rxf4 Qxh5 48. Rf3 Qg5+ 49. Kh1 Qxa5 50. Bf2 Qa8 {#R} 0-1

[Event "PRO League Eastern 2017"]
[Site "masterchessopen.com chess.com INT"]
[Date "2017.02.01"]
[Round "4"]
[White "Colovic,A"]
[Black "Ghosh,D"]
[Result "1-0"]
[WhiteElo "2443"]
[BlackElo "2570"]

1. e4 e5 2. Nf3 Nc6 3. Bb5 a6 4. Ba4 Nf6 5. O-O Be7 6. Re1 b5 7. Bb3 d6 8. c3
O-O 9. h3 Nb8 10. d4 Nbd7 11. Nh4 Bb7 12. Nf5 c5 13. Bg5 Re8 14. dxe5 Nxe5 15.
Bxf6 Bxf6 16. Nxd6 Re7 17. Nxb7 Qxd1 18. Rxd1 Rxb7 19. Bd5 Rd8 20. a4 Nc4 21.
axb5 axb5 22. Nd2 Rbd7 23. Nxc4 bxc4 24. Ra4 Rb8 25. Rxc4 Rxb2 26. Rxc5 g6 27.
Rc8+ Kg7 28. c4 Re2 29. Rd3 Re1+ 30. Kh2 Be5+ 31. g3 Rc1 32. c5 Ra7 33. c6 h5
34. h4 Rc2 35. Kg2 Bc7 36. Rf3 Bb6 37. Rb8 Bc7 38. Rb7 Rxb7 39. cxb7 f6 40.
Rb3 Bb8 41. Ra3 Rb2 42. Ra8 Be5 43. Kh3 g5 44. hxg5 fxg5 45. Re8 Bd6 46. e5
g4+ 47. Kh4 {#r} 1-0

[Event "Gibraltar Masters 2017"]
[Site "masterchessopen.com Caleta ENG"]
[Date "2017.02.01"]
[Round "9.2"]
[White "Topalov,V"]
[Black "Anton Guijarro,D"]
[Result "0-1"]
[WhiteElo "2739"]
[BlackElo "2650"]

1. e4 e5 2. Nf3 Nc6 3. Bb5 a6 4. Ba4 Nf6 5. O-O Be7 6. Re1 b5 7. Bb3 d6 8. c3
O-O 9. h3 Na5 10. Bc2 c5 11. d4 Nd7 12. Nbd2 exd4 13. cxd4 Nc6 14. d5 Nce5 15.
a4 Bb7 16. Qe2 Rb8 17. Nxe5 Nxe5 18. axb5 axb5 19. Nf1 Re8 20. Ne3 Bf6 21. Bd2
Bc8 22. Ba5 Qe7 23. Bc3 Ng6 24. Qf3 Bxc3 25. bxc3 Qg5 26. Kh2 h5 27. Ra7 Re7
28. Rxe7 Nxe7 29. Ra1 Ng6 30. Qg3 Qf6 31. Nf5 Bxf5 32. exf5 Ne5 33. Rb1 h4 34.
Qf4 g5 35. Qe3 Nc4 36. Qc1 Kg7 37. Bd3 Ne5 38. Be4 g4 39. hxg4 Nxg4+ 40. Kg1
Qh6 41. Qxh6+ Kxh6 42. Kf1 Kg5 {#R} 0-1

[Event "ch-MDA 2017"]
[Site "masterchessopen.com Chisinau MDA"]
[Date "2017.01.30"]
[Round "3.4"]
[White "Vedmediuc,S"]
[Black "Svetushkin,D"]
[Result "0-1"]
[WhiteElo "2461"]
[BlackElo "2577"]

1. e4 e5 2. Nf3 Nc6 3. Bb5 a6 4. Ba4 Nf6 5. O-O Be7 6. Re1 b5 7. Bb3 O-O 8. c3
d6 9. h3 Na5 10. Bc2 c5 11. d4 Nd7 12. d5 Nb6 13. Nbd2 Bd7 14. Nf1 c4 15. g4
Nb7 16. Ng3 g6 17. Kh1 Kh8 18. Rg1 a5 19. Bh6 Rg8 20. Qd2 g5 21. Nf5 f6 22. h4
Rg6 23. Nxe7 Qxe7 24. hxg5 Rag8 25. Qe3 fxg5 26. Bxg5 Rxg5 27. Nxg5 Qxg5 28.
Qxg5 Rxg5 29. f3 Nc5 30. Kg2 Rg8 31. Rh1 Kg7 32. Rh2 Be8 33. Kf2 Bg6 34. Ke3
b4 35. Kd2 Rf8 36. Rh3 Rb8 37. b3 Rc8 38. Rh2 Kf6 39. Rf1 cxb3 40. axb3 bxc3+
41. Kxc3 Nxd5+ 42. Kb2 Ne3 {#R} 0-1

[Event "ch-MDA 2017"]
[Site "masterchessopen.com Chisinau MDA"]
[Date "2017.02.01"]
[Round "5.5"]
[White "Vavric,P"]
[Black "Svetushkin,D"]
[Result "0-1"]
[WhiteElo "2334"]
[BlackElo "2577"]

1. e4 e5 2. Nf3 Nc6 3. Bb5 a6 4. Ba4 Nf6 5. O-O Be7 6. Re1 b5 7. Bb3 d6 8. c3
O-O 9. h3 Na5 10. Bc2 c5 11. d4 Nd7 12. Nbd2 exd4 13. cxd4 Nc6 14. d5 Nce5 15.
Nxe5 Nxe5 16. f4 Ng6 17. Nf3 Bh4 18. Nxh4 Qxh4 19. Rf1 f5 20. a4 b4 21. e5
dxe5 22. fxe5 Nxe5 23. Bf4 Qf6 24. Re1 Ng6 25. Be3 Qd6 26. Rc1 f4 27. Bxg6
fxe3 28. Be4 Bf5 29. Rxe3 Rad8 30. Bf3 Bxh3 31. gxh3 Qg3+ 32. Kf1 Qxh3+ 33.
Kf2 Qh2+ 34. Ke1 Rde8 35. Rxe8 Rxe8+ 36. Be2 Qg1+ 37. Kd2 Qe3+ 38. Ke1 Re5
{#R} 0-1

[Event "TCh-BEL 2016-17"]
[Site "masterchessopen.com Belgium BEL"]
[Date "2017.01.29"]
[Round "6.2"]
[White "Saiboulatov,D"]
[Black "Ernst,S"]
[Result "1-0"]
[WhiteElo "2373"]
[BlackElo "2540"]

1. e4 e5 2. Nf3 Nc6 3. Bb5 a6 4. Ba4 Nf6 5. O-O Be7 6. Re1 b5 7. Bb3 d6 8. c3
O-O 9. h3 Na5 10. Bc2 c5 11. d4 Qc7 12. Nbd2 Bd7 13. d5 c4 14. Nf1 Nb7 15.
N3h2 Ne8 16. g4 Qd8 17. f4 exf4 18. Bxf4 Bg5 19. Bg3 h5 20. Qf3 hxg4 21. hxg4
a5 22. Ne3 Nc5 23. Nf5 Ra6 24. Rad1 g6 25. Nd4 Qc8 26. Bf4 Qd8 27. Kg2 Kg7 28.
Rf1 Bxf4 29. Qxf4 Qe7 30. Nhf3 Nf6 31. Nf5+ Bxf5 32. exf5 Raa8 33. Rfe1 Qa7
34. fxg6 fxg6 35. Qg5 Nd3 36. Bxd3 cxd3 37. Nd4 Rf7 38. Nf5+ Kh8 39. Nxd6 Rff8
40. Rxd3 Nh7 41. Qe5+ Kg8 42. Re2 b4 43. c4 Qc7 44. Qe7 Qb8 45. Re6 Ra7 46.
Rxg6+ Kh8 47. Qe5+ {#r} 1-0

[Event "Gibraltar Masters 2017"]
[Site "masterchessopen.com Caleta ENG"]
[Date "2017.01.30"]
[Round "7.98"]
[White "Gonzalez Gonzalez,A"]
[Black "Fomani,M"]
[Result "1-0"]
[WhiteElo "2162"]
[BlackElo "2042"]

1. d4 d5 2. Bg5 g6 3. h4 h6 4. Bf4 Bg7 5. Nc3 c6 6. Qd2 Nf6 7. Nf3 Bf5 8. Ne5
Nbd7 9. f3 h5 10. e3 Nb6 11. O-O-O Nfd7 12. g4 Nxe5 13. gxf5 Nec4 14. Qg2 Nd6
15. fxg6 f6 16. Qh2 Nbc4 17. Bxd6 Nxd6 18. e4 dxe4 19. fxe4 Qa5 20. Qh3 Rd8
21. Qe6 Rf8 22. Be2 b5 23. e5 Nc4 {#r} 1-0

[Event "Gibraltar Masters 2017"]
[Site "masterchessopen.com Caleta ENG"]
[Date "2017.02.01"]
[Round "9.22"]
[White "Iturrizaga,E"]
[Black "Cramling,P"]
[Result "1-0"]
[WhiteElo "2652"]
[BlackElo "2454"]

1. d4 d5 2. Bf4 c5 3. e3 Nc6 4. Nf3 Nf6 5. c3 Qb6 6. Qb3 c4 7. Qc2 Bf5 8. Qc1
h6 9. h3 e6 10. Nbd2 Qd8 11. Be2 Be7 12. g4 Bh7 13. Rg1 g5 14. Bg3 b5 15. b3
Nd7 16. Rh1 Kf8 17. Bd1 Kg7 18. h4 Nb6 19. Bc2 Bxc2 20. Qxc2 b4 21. Kf1 Rc8
22. Kg2 bxc3 23. Qxc3 cxb3 24. hxg5 hxg5 25. Rxh8 Qxh8 26. Rh1 Qg8 27. Qxb3 f6
28. Qb1 Nd8 29. a4 Nf7 30. a5 Nc4 31. Nxc4 dxc4 32. Qb7 Ba3 33. Nxg5 {#r} 1-0

[Event "22nd HIT Open 2017"]
[Site "masterchessopen.com Nova Gorica SLO"]
[Date "2017.02.01"]
[Round "8.2"]
[White "Skoberne,J"]
[Black "Vorobiov,E"]
[Result "1-0"]
[WhiteElo "2542"]
[BlackElo "2585"]

1. d4 Nf6 2. Nf3 g6 3. Nc3 d5 4. Bf4 Bg7 5. e3 O-O 6. Be2 b6 7. Ne5 c5 8. h4
Bb7 9. h5 Nc6 10. hxg6 hxg6 11. Qd2 Nxe5 12. Bxe5 Ne4 13. Nxe4 dxe4 14. Bxg7
Kxg7 15. O-O-O e6 16. dxc5 Qxd2+ 17. Rxd2 bxc5 18. a3 Rfc8 19. Rd6 Rc7 20.
Rhd1 Kf6 21. Rd7 Rac8 22. Rxc7 Rxc7 23. b4 c4 24. Kb2 c3+ 25. Kb3 Bd5+ 26. Ka4
Ke5 27. b5 f5 28. Kb4 g5 29. g3 f4 30. gxf4+ gxf4 31. exf4+ Kxf4 32. a4 Ke5
33. a5 Rf7 34. Rf1 Kd4 35. b6 axb6 36. axb6 Rf8 37. Ba6 Ra8 38. Rd1+ Ke5 39.
Bc4 Rb8 40. Bxd5 Rxb6+ 41. Kc5 Rb8 42. Bc6 Rb2 43. Ba4 Kf4 44. Bb3 Kf3 45. Kd4
Kxf2 46. Kxc3 {#r} 1-0

[Event "Turkish Cup 2017"]
[Site "masterchessopen.com Antalya TUR"]
[Date "2017.01.30"]
[Round "4.5"]
[White "Kanmazalp,O"]
[Black "Can,Melih Kaan"]
[Result "1-0"]
[WhiteElo "2431"]
[BlackElo "2064"]

1. d4 d5 2. Bf4 Nf6 3. e3 c5 4. c3 Nc6 5. Nd2 Qb6 6. Qb3 c4 7. Qc2 Bg4 8. Be2
Bxe2 9. Nxe2 e6 10. Ng3 Be7 11. O-O O-O 12. Rae1 Rfe8 13. e4 Qa5 14. e5 Nd7
15. a3 b5 16. Nf3 Qc7 17. Ng5 Nf8 18. Re3 Qd8 19. Nh3 a5 20. Nh5 b4 21. Rg3
Ng6 22. Ng5 Bf8 23. Bc1 bxa3 24. bxa3 Qb6 25. Rh3 h6 26. Nxf7 Nce7 27. Nd6
Reb8 28. Rg3 Kh7 29. Bxh6 Qb2 30. Qd1 Nf5 31. Nxf5 exf5 32. Bc1 Qb1 33. Nf6+
gxf6 34. Qh5+ {#r} 1-0

[Event "Turkish Cup 2017"]
[Site "masterchessopen.com Antalya TUR"]
[Date "2017.02.04"]
[Round "11.11"]
[White "Ozkan,E"]
[Black "Sahin,Doga Boran"]
[Result "1-0"]
[WhiteElo "2221"]
[BlackElo "2104"]

1. d4 d5 2. Bf4 Nf6 3. e3 c5 4. c3 Nc6 5. Nf3 Bg4 6. Nbd2 e6 7. Qb3 Qc8 8. h3
Bf5 9. Nh4 Bg6 10. Be2 c4 11. Qd1 Be7 12. Nxg6 hxg6 13. O-O O-O 14. Bf3 b5 15.
Re1 Rd8 16. Qc2 a5 17. e4 Ra7 18. Bg3 b4 19. exd5 exd5 20. Qa4 Nd7 21. Qb5 Rb7
22. Qxd5 Nde5 23. Qe4 Nxf3+ 24. Qxf3 Rbd7 25. Qe2 Bf6 26. Nxc4 Bxd4 27. cxd4
Nxd4 28. Qf1 Qc5 29. Rac1 Nf5 30. Ne5 Qa7 31. Nxd7 {#r} 1-0

[Event "TCh-CAT Gp1 2017"]
[Site "masterchessopen.com Barcelona ESP"]
[Date "2017.01.28"]
[Round "2.4"]
[White "Gonzalez Garcia,M"]
[Black "Luna Cortes,L"]
[Result "0-1"]
[WhiteElo "2227"]
[BlackElo "2270"]

1. d4 d5 2. Bf4 e6 3. e3 Bd6 4. Bg3 Nf6 5. Nd2 c5 6. c3 O-O 7. Ngf3 b6 8. Ne5
Qc7 9. Bd3 Ba6 10. Bc2 Nc6 11. f4 Rac8 12. Rc1 g6 13. Bh4 Be7 14. Bxf6 Bxf6
15. h4 cxd4 16. exd4 Nxe5 17. fxe5 Bxe5 18. dxe5 Qxe5+ 19. Kf2 d4 20. Nf3 Qe3+
21. Kg3 dxc3 22. bxc3 Rxc3 23. Bb3 Qe5+ 24. Kh3 Qf5+ 25. Kg3 Rd3 26. Qe1 e5
27. Bc2 Qf4+ 28. Kf2 Ra3 29. Kg1 Rc8 {#R} 0-1

[Event "PRO League Pacific 2017"]
[Site "masterchessopen.com chess.com INT"]
[Date "2017.02.01"]
[Round "4"]
[White "Raptis,N"]
[Black "Lehmann,Spencer G"]
[Result "1-0"]
[WhiteElo "2262"]
[BlackElo "2040"]

1. d4 Nf6 2. Nc3 d5 3. Bg5 c6 4. e3 Nbd7 5. Nf3 Ne4 6. Nxe4 dxe4 7. Nd2 Qa5 8.
Bh4 Nf6 9. c3 Bf5 10. Nc4 Qd8 11. Qb3 Qc8 12. h3 Be6 13. Qc2 Bxc4 14. Bxc4 e6
15. Bxf6 gxf6 16. Qxe4 f5 17. Qf3 b5 18. Bb3 c5 19. dxc5 Bxc5 20. O-O Rb8 21.
Rad1 Rg8 22. e4 Qb7 23. Rfe1 Kf8 24. Qf4 fxe4 25. Rxe4 Rg6 26. Bxe6 Re8 27.
Rd7 Qc6 28. Qxf7# 1-0

[Event "Gibraltar Masters 2017"]
[Site "masterchessopen.com Caleta ENG"]
[Date "2017.01.31"]
[Round "8.46"]
[White "Rakesh,Kumar Jena"]
[Black "Ider,B"]
[Result "0-1"]
[WhiteElo "2335"]
[BlackElo "2463"]

1. Nf3 e6 2. d4 Nf6 3. Bf4 b6 4. e3 Bb7 5. Nbd2 g6 6. Bd3 Bg7 7. c3 d6 8. Qc2
Nbd7 9. Bg3 Qe7 10. O-O-O e5 11. e4 O-O 12. h4 h5 13. Kb1 Rab8 14. Ng5 b5 15.
Rde1 Ba8 16. f4 b4 17. c4 Ng4 18. fxe5 dxe5 19. d5 Nc5 20. Nb3 Bb7 21. Nxc5
Qxc5 22. Rhf1 Bc8 23. Bf2 Qa5 24. c5 b3 25. axb3 Nxf2 26. Qxf2 Rxb3 27. Bc4
Rb4 28. Rc1 Ba6 29. Bxa6 Qxa6 30. Rc3 Ra4 31. Kc2 f5 32. Ne6 Rb8 33. exf5 Ra2
34. Rb1 Bh6 35. Ng5 gxf5 36. d6 Qa4+ 37. Kc1 Raxb2 38. Qxb2 Qf4+ 39. Kc2 Qf2+
40. Kc1 Qf1+ 41. Kc2 Qxg2+ 42. Kc1 Qf1+ 43. Kc2 Qf2+ 44. Kc1 Qe1+ {#R} 0-1

[Event "13th Moscow Open A 2017"]
[Site "masterchessopen.com Moscow RUS"]
[Date "2017.01.31"]
[Round "4.12"]
[White "Chigaev,M"]
[Black "Khanin,S"]
[Result "0-1"]
[WhiteElo "2531"]
[BlackElo "2418"]

1. d4 Nf6 2. Nf3 e6 3. Bf4 b6 4. e3 Bb7 5. h3 Be7 6. Bd3 O-O 7. O-O c5 8. c3
Ne4 9. a4 d5 10. Nbd2 Nd7 11. a5 a6 12. axb6 Qxb6 13. Bxe4 dxe4 14. Nc4 Qb5
15. Nfd2 Bd5 16. Na5 c4 17. b4 Rac8 18. f3 exf3 19. Nxf3 Be4 20. Ne5 Nxe5 21.
Bxe5 Qd5 22. Ra2 f6 23. Bg3 f5 24. Rff2 Bg5 25. Bf4 Bh4 26. Rfb2 Bf6 27. Qe1
g5 28. Qg3 Kf7 29. Be5 Be7 30. Qe1 h5 31. Qd1 Kg6 32. Qa4 Qb5 33. Rf2 Rg8 34.
Kh2 g4 35. g3 gxh3 36. Qd1 Qd5 37. Rab2 Bg5 38. Qe1 Bf6 39. Bf4 Kf7 40. Qd1
Rg4 41. Qa4 Qb5 42. Ra2 Qd5 43. Rab2 h4 44. b5 hxg3+ 45. Bxg3 Rcg8 46. bxa6
Rxg3 47. Rb7+ Be7 48. Qb4 Qxb7 {#R} 0-1

[Event "13th Moscow Open A 2017"]
[Site "masterchessopen.com Moscow RUS"]
[Date "2017.02.02"]
[Round "6.9"]
[White "Golubov,Saveliy"]
[Black "Malyshev,Grigory"]
[Result "1-0"]
[WhiteElo "2487"]
[BlackElo "2326"]

1. d4 Nf6 2. Nf3 e6 3. Bf4 c5 4. e3 b6 5. Nbd2 Nc6 6. Bd3 Bb7 7. O-O d5 8. c3
Bd6 9. Bg5 O-O 10. Qe2 Be7 11. dxc5 bxc5 12. e4 h6 13. Bh4 dxe4 14. Nxe4 Nxe4
15. Qxe4 g6 16. Bg3 Bf6 17. Qe3 Bg7 18. Rfd1 Qb6 19. Bd6 Rfd8 20. Bxc5 Qc7 21.
h3 Ne7 22. Bxe7 Qxe7 23. Be4 Bxe4 24. Qxe4 Qc5 25. Rd2 Rab8 26. Rad1 Rdc8 27.
Ne1 a5 28. a3 Qg5 29. h4 Qh5 30. Nf3 Qb5 31. Qf4 e5 32. Qe3 Re8 33. Ne1 e4 34.
g3 Qc4 35. Ng2 h5 36. Qf4 Rb5 37. Ne3 Qa2 38. b4 Qxa3 39. Rd8 Rxd8 40. Rxd8+
Kh7 41. Qxf7 Rb6 42. g4 hxg4 43. Nxg4 {#r} 1-0

[Event "25th Fajr Open 2017"]
[Site "masterchessopen.com Sareyn IRI"]
[Date "2017.02.02"]
[Round "9.5"]
[White "Korneev,O"]
[Black "Sakhayi,M"]
[Result "1-0"]
[WhiteElo "2598"]
[BlackElo "2204"]

1. d4 Nf6 2. Nf3 e6 3. Bf4 c5 4. e3 Nc6 5. c3 d5 6. Nbd2 Bd6 7. Bg3 O-O 8. Bd3
b6 9. Qe2 Bb7 10. Rd1 c4 11. Bb1 Ne7 12. O-O b5 13. Be5 Qc7 14. Bxf6 gxf6 15.
e4 Ng6 16. g3 Kh8 17. Rfe1 Rg8 18. e5 Be7 19. Bxg6 hxg6 20. exf6 Bxf6 21. Ne5
Kg7 22. Ndf3 Rh8 23. h4 Rh5 24. Qe3 Rah8 25. Kg2 Rd8 26. g4 Rh7 27. Kg3 Rdh8
28. Rh1 Bc8 29. Ng5 Bxg5 30. Qxg5 Qd8 31. Qxd8 Rxd8 32. g5 f6 33. Ng4 fxg5 34.
hxg5 Rh5 35. Rxh5 gxh5 36. Ne5 Bd7 37. Kh4 Be8 38. g6 Rb8 39. a3 a5 40. Kg5 h4
41. Rh1 b4 42. axb4 axb4 43. Rxh4 bxc3 44. bxc3 Rb1 45. Rh7+ {#r} 1-0

[Event "PRO League Atlantic 2017"]
[Site "masterchessopen.com chess.com INT"]
[Date "2017.02.01"]
[Round "4"]
[White "Paragua,M"]
[Black "Macagno,S"]
[Result "1-0"]
[WhiteElo "2492"]
[BlackElo "2320"]

1. d4 d5 2. Nf3 c6 3. Bf4 Qb6 4. Qc1 Bf5 5. e3 Nd7 6. c4 e6 7. Nc3 h6 8. Be2
Ngf6 9. h3 a5 10. O-O Be7 11. c5 Qa7 12. a3 O-O 13. Na4 Rfc8 14. b4 b5 15.
cxb6 Nxb6 16. Nc5 Ne4 17. Ne5 Nxc5 18. bxc5 Nd7 19. Nf3 Bd8 20. g4 Bg6 21. g5
hxg5 22. Nxg5 e5 23. dxe5 Nxc5 24. Ra2 Nd3 25. Bxd3 Bxd3 26. Rd1 Bf5 27. e4
dxe4 28. Rad2 Bb6 29. e6 f6 30. Rd7 Bxf2+ 31. Kh2 Qc5 32. Qb2 e3 33. Rc1 Qf8
34. e7 Bxd7 35. exf8=Q+ Rxf8 36. Qb3+ Kh8 37. Nf7+ Kh7 38. Qd3+ g6 39. Qxd7 g5
40. Nxg5+ Kg6 41. Qh7# 1-0

[Event "PRO League Atlantic 2017"]
[Site "masterchessopen.com chess.com INT"]
[Date "2017.02.01"]
[Round "4"]
[White "Macagno,S"]
[Black "Yudasin,L"]
[Result "0-1"]
[WhiteElo "2320"]
[BlackElo "2517"]

1. d4 Nf6 2. Nf3 e6 3. Bf4 c5 4. e3 d5 5. c3 Nc6 6. Nbd2 Bd6 7. Bg3 O-O 8. Ne5
Qc7 9. f4 cxd4 10. exd4 g6 11. Bd3 Nh5 12. Qf3 f6 13. Nxg6 hxg6 14. Bxg6 Ng7
15. Qg4 Ne7 16. Bd3 e5 17. Qh4 e4 18. Be2 Nef5 {#R} 0-1

[Event "PRO League Pacific 2017"]
[Site "masterchessopen.com chess.com INT"]
[Date "2017.02.01"]
[Round "4"]
[White "Mattson,D"]
[Black "Toolin,C"]
[Result "0-1"]
[WhiteElo "2066"]
[BlackElo "2209"]

1. Nf3 d5 2. d4 Nf6 3. c4 e6 4. g3 Be7 5. Bg2 c6 6. O-O Nbd7 7. Qc2 O-O 8. Bf4
b6 9. b3 Ba6 10. Nc3 Rc8 11. Rfd1 b5 12. Ne5 Nxe5 13. Bxe5 bxc4 14. e4 Bb4 15.
Na4 Nd7 16. Bf4 Qe7 17. h4 Rfd8 18. Nb2 Nb6 19. e5 h6 20. a3 Bxa3 21. Ra2 Bb5
22. Rda1 Bxb2 23. Qxb2 cxb3 24. Rxa7 Qb4 25. Bd2 Qc4 26. Rc1 Qd3 27. Bf1 Qf3
28. Bg2 Qg4 29. Ba5 Nc4 30. Qxb3 Qxd4 {#R} 0-1

[Event "PRO League Pacific 2017"]
[Site "masterchessopen.com chess.com INT"]
[Date "2017.02.01"]
[Round "4"]
[White "Izoria,Z"]
[Black "Sheng,Joshua"]
[Result "0-1"]
[WhiteElo "2604"]
[BlackElo "2372"]

1. Nf3 d5 2. d4 Nf6 3. Bf4 c5 4. e3 Nc6 5. Nbd2 Bf5 6. dxc5 e6 7. Nd4 Bxc5 8.
Nxf5 exf5 9. Bd3 g6 10. Bg5 h6 11. Bxf6 Qxf6 12. c3 f4 13. Qf3 O-O-O 14. exf4
Rhe8+ 15. Kf1 Bb6 16. g3 d4 17. c4 Nb4 18. Kg2 Nxd3 19. Qxd3 Re3 20. Ne4 Qc6
21. fxe3 dxe3 22. Qb1 Rd4 23. c5 Rxe4 24. cxb6 Rxf4+ 25. Kg1 Rf2 26. Qc1 Rg2+
27. Kf1 Rc2 {#R} 0-1